000 02184nam a2200325Ia 4500
999 _c55387
_d55387
001 22467
003 GE_BSU
005 20230320160657.0
008 181216s2011||||ge |||||||||||||| ||geo||
020 _a9789941180279
040 _cGE_BSU
041 _ageo
080 _a94(479.22)"05/17":321.17(479.22) შ-24
100 _aშარაშიძე, გიორგი
_917229
245 _aშესავალი ქართული ფეოდალიზმის კვლევაში :
_b(გიორგი ბრწყინვალის "ძეგლის დადება") /
_cგიორგი შარაშიძე ; სერიის რედ. : გიგა ზედანია, მთარგმნ. მაია ქაცანაშვილი ; რედ. ნოდარ ლადარია.
264 _aთბილისი :
_bილიას სახელმწ. უნ-ტი,
_c2011.
300 _a182 გვ. ;
_c20 სმ.
490 _aმოდერნულობის ისტორია და თეორია 1987-9407
_vტ. 2
500 _aსერია იბეჭდება კავკასიის შვეიცარული აკადემიური ქსელის მხარდაჭერით
504 _aბიბლიოგრაფია გვ. : 175-181
520 _aსერია იბეჭდება კავკასიის შვეიცარული აკადემიური ქსელის მხარდაჭერით.
541 _h3ლ.
653 _aისტორია
653 _aფეოდალიზმის ისტორია საქართველოში
653 _aშესავალი ქართული ფეოდალიზმის კვლევაში
700 _aქაცანაშვილი, მაია
_eმთარგმნელი
_95309
700 _aლადარია, ნოდარ
_eრედაქტორი
_98170
700 _aზედანია, გიგა
_eსერიის რედაქტორი
_914217
942 _cBK
_2udc